000 00544ntaaa2200205 4500
003 01
005 20251027200946.0
008 0714s1973 ag 01
020 _a0829703101
040 _aAR-BaBN
_bspa
_cAR-BaBN
_eaacr
_dRIC
082 _a253.5 Sa3c
100 _aSala, Harold
_96357
245 _aConsejeria entre amigos /
_cHarold Sala
250 _a1 ed.
260 _aDeerfield :
_bVida,
_c1993
300 _a230 p. ;
_c18 cm
500 _aComo estar preparado cuando los amigos le piden ayuda
650 _aAconsejamiento
942 _cBK
999 _c3590
_d3590